|
|
|
|
| LEADER |
00000nab a2200000 ar4500 |
| 001 |
vtls009340779 |
| 003 |
SK-MaSNL |
| 005 |
20260304222821.0 |
| 008 |
081001c2007 xo ar|p|||||||000 b|slo |
| 015 |
|
|
|a SNBRA2008/10
|2 snkbucl
|
| 038 |
|
|
|a SNKBUCL
|
| 040 |
|
|
|a SNKBUCL
|b slo
|e AACR2
|c SNKBUCL
|
| 041 |
0 |
|
|a slo
|
| 044 |
|
|
|a xo
|c SK
|
| 080 |
|
|
|a 78.071.2:784.66
|2 2001
|
| 080 |
|
|
|a 784.66
|2 2001
|
| 080 |
|
|
|a 929 Littmannová, Bea
|2 2001
|
| 100 |
1 |
|
|a Horský, Štefan,
|d 1929-
|4 aut
|9 234228
|
| 245 |
1 |
0 |
|a Bea Littmannová
|b stupavská slávica
|c Štefan Horský
|
| 300 |
|
|
|b Fotogr.
|
| 600 |
1 |
7 |
|a Littmannová, Bea,
|d 1929-2018
|2 snkbucl
|9 178288
|
| 650 |
0 |
7 |
|a osobnosti
|2 snkbucl
|9 29820
|
| 651 |
|
7 |
|a Stupava (Slovensko)
|2 snkbucl
|9 24904
|
| 655 |
|
7 |
|a profily
|2 snkbucl
|9 341977
|
| 773 |
0 |
|
|t Stupava
|d Stupava : Club Abbellimento, 2007
|g S. 54-57
|z 9788096979844
|
| 852 |
|
|
|a SNK
|b KIS3GCP
|
| 856 |
4 |
1 |
|u http://www.stupava.com/rocenky/09_2007.pdf
|
| 958 |
|
|
|a BX
|
| 999 |
|
|
|c 3165321
|d 3167251
|